| 000 | 00911cam a2200301 i 4500 | ||
|---|---|---|---|
| 001 | 20310 | ||
| 003 | CO-MdFUSB | ||
| 005 | 20161111081409.0 | ||
| 008 | 161108t19881989xxu||||g |||| 00| 0 eng d | ||
| 020 | _a0-89453-642-7 | ||
| 040 |
_aCO-MdFUSB _bEspañol _cCO-MdFUSB _dCO-MdFUSB _erda |
||
| 041 | _aeng | ||
| 082 |
_224 _a226.307 _bST864m |
||
| 100 | 1 |
_aStock, Augustine _eautor |
|
| 245 | 0 | 4 |
_aThe method and message of Mark _c / Augustine Stock |
| 264 | 1 |
_aWilmington, Delaware : _bMichael Glazier, _c℗1988 |
|
| 264 | 4 | _c©1989 | |
| 300 | _a452 páginas | ||
| 336 |
_2rdacontent _a1 _ba1 |
||
| 337 |
_2rdamedia _a2 _b5 |
||
| 338 |
_2rdacarrier _a2 _b5 |
||
| 501 | _aPasta dura | ||
| 504 | _aIncluye índice (páginas: 441-452) | ||
| 505 | 0 | 0 | _aTexto y comentario sobre el evangelio de Marcos |
| 630 | 7 |
_aBiblia. _pMarcos _xCrítica, interpretación, etc. |
|
| 942 | _cREF | ||
| 999 |
_c46661 _d46661 |
||